[Event "Rudolf"]
[Site "http://www.queenalice.com/game.php?id=1176483"]
[Date "2013.4.29"]
[Round "-"]
[White "Rudolf"]
[Black "Kir"]
[Result "1-0"]
[WhiteElo "2541"]
[BlackElo "2235"]

1. d4 c5 2. d5 Nf6 3. c4 d6 4. Nc3 g6 5. e4 Bg7 6. Nf3 Nbd7 7. Be2 h6 8. O-O O-O
9. Bd2 Re8 10. Qc1 Kh7 11. Bf4 Ng4 12. Bg3 Ngf6 13. Nd2 Qc7 14. f4 a6 15. Qc2 b6
16. Rae1 Kg8 17. h3 Rb8 18. e5 dxe5 19. fxe5 Nxe5 20. Bd3 Nfd7 21. Nf3 e6 22.
Bxg6 fxg6 23. Nxe5 Rf8 24. dxe6 Rxf1+ 25. Rxf1 Nxe5 26. Nd5 Qa7 27. Nf6+ 1-0

[Event "Challenge"]
[Site "http://www.queenalice.com/game.php?id=1250844"]
[Date "2014.1.24"]
[Round "-"]
[White "Zugswang"]
[Black "Rudolf"]
[Result "0-1"]
[WhiteElo "2087"]
[BlackElo "2543"]

1. e4 c5 2. Nc3 Nc6 3. g3 g6 4. Bg2 Bg7 5. Nge2 d6 6. O-O Nf6 7. h3 O-O 8. f4
Bd7 9. g4 Rb8 10. d3 b5 11. g5 Nh5 12. Kh2 f6 13. h4 fxg5 14. hxg5 b4 15. Nd5 e6
16. Ne3 e5 17. Nd5 exf4 18. Nexf4 Be5 19. Kg1 Bd4+ 20. Kh2 Qxg5 21. Qf3 Qh4+ 22.
Bh3 Ne5 23. Qg2 Ng4+ 24. Kh1 Ng3+ 0-1

[Event "Challenge"]
[Site "http://www.queenalice.com/game.php?id=1261720"]
[Date "2014.3.3"]
[Round "-"]
[White "Apatride"]
[Black "Rudolf"]
[Result "1/2-1/2"]
[WhiteElo "2423"]
[BlackElo "2545"]

1. e4 c5 2. Nf3 d6 3. d4 cxd4 4. Nxd4 Nf6 5. Nc3 a6 6. Bg5 Nc6 7. Qd2 h6 8. Bxf6
gxf6 9. O-O-O e6 10. Kb1 Bd7 11. Nxc6 Bxc6 12. Qe3 Be7 13. Ne2 Qc7 14. Nd4 d5
15. exd5 Bxd5 16. c4 Bc6 17. Nxc6 Qxc6 18. Be2 Qxg2 19. f4 Qc6 20. Rhe1 Rd8 21.
Rxd8+ Kxd8 22. Bf3 Qc5 23. Qe4 Rg8 24. Qxb7 Rg1 25. Qb8+ Kd7 26. Qb7+ Kd8 27.
Qb8+ Kd7 1/2-1/2

[Event "Challenge"]
[Site "http://www.queenalice.com/game.php?id=1261721"]
[Date "2014.3.3"]
[Round "-"]
[White "Rudolf"]
[Black "Apatride"]
[Result "1-0"]
[WhiteElo "2543"]
[BlackElo "2413"]

1. d4 Nf6 2. c4 e6 3. Nc3 Bb4 4. e3 O-O 5. Bd3 d5 6. Nf3 c5 7. O-O Nc6 8. a3
Bxc3 9. bxc3 b6 10. cxd5 exd5 11. Ne5 Bb7 12. Nxc6 Bxc6 13. a4 Re8 14. f3 Qd7
15. Bc2 Re7 16. Re1 Rae8 17. Qd2 Qd6 18. Bb2 Nd7 19. Rad1 Nf6 20. Ba3 Re6 21. a5
Qe7 22. Rb1 Nd7 23. e4 dxe4 24. d5 Qd6 25. Rbd1 Rh6 26. h3 Bb5 27. Bxe4 Nf6 28.
Bd3 Bxd3 29. Rxe8+ Nxe8 30. Qxd3 Rg6 31. Qe2 Qd7 32. Re1 Nf6 33. Kh1 h6 34. c4
Kh7 35. axb6 axb6 36. Bb2 b5 37. Bxf6 Rxf6 38. Qd3+ g6 39. cxb5 Rf4 40. Rb1 Rd4
41. Qc2 Rxd5 42. b6 Qe7 43. Qa4 Rd8 44. Qa7 Qxa7 45. bxa7 Ra8 46. Rb7 Kg7 47.
Kg1 Kf6 48. Kf2 Ke6 49. Ke3 f5 50. Kd3 Kd5 51. Rf7 c4+ 52. Kc3 Kc5 53. f4 h5 54.
Rc7+ Kb6 55. Re7 Kc5 56. Re5+ Kb6 57. Kxc4 Rxa7 58. Re6+ Ka5 59. Rxg6 Re7 60.
Rg5 Re4+ 61. Kd3 Rxf4 62. Rxh5 Kb6 63. Ke3 Re4+ 64. Kf3 Re5 65. h4 Kc6 66. Rg5
Kd6 67. h5 Rc5 68. h6 Rc8 69. Kf4 Ke6 70. Rxf5 Rh8 71. Rh5 Kf6 72. Ra5 Kg6 73.
Ra6+ Kh7 74. g4 Rf8+ 75. Kg5 Rg8+ 76. Kh4 Rc8 77. g5 Rc4+ 78. Kh5 Rc5 79. Rd6
Rb5 80. Kg4 Rb7 81. Kf5 Rf7+ 82. Ke6 Kg6 83. Rd7 Rf8 84. Rg7+ Kh5 85. h7 Re8+
86. Kf6 Rf8+ 87. Rf7 Rc8 88. g6 Kh6 89. h8=Q+ Rxh8 90. Kf5 Kh5 91. Rh7+ Rxh7 92.
gxh7 Kh4 93. h8=Q+ Kg3 94. Qc3+ Kf2 95. Kf4 Ke2 96. Qc2+ Kf1 97. Kf3 1-0

[Event "Challenge"]
[Site "http://www.queenalice.com/game.php?id=1297489"]
[Date "2014.7.27"]
[Round "-"]
[White "AAABBB"]
[Black "Rudolf"]
[Result "1/2-1/2"]
[WhiteElo "2368"]
[BlackElo "2560"]

1. d4 d5 2. c4 c6 3. Nf3 Nf6 4. Nc3 e6 5. e3 Nbd7 6. Bd3 dxc4 7. Bxc4 b5 8. Bd3
Bb7 9. e4 b4 10. Na4 c5 11. e5 Nd5 12. Nxc5 Nxc5 13. dxc5 Bxc5 14. O-O h6 15.
Bb5+ Ke7 16. Qd3 Qb6 17. Bc4 Rad8 18. Qc2 g5 19. Bd3 Kf8 20. Qe2 Ne7 21. Bd2 Kg7
22. Rad1 Nf5 23. Bc1 b3 24. axb3 Qxb3 25. Bxf5 exf5 26. Bd2 Qxb2 27. e6 Bxf3 28.
Qxf3 Rxd2 29. Rxd2 Qxd2 30. Qxf5 Bxf2+ 31. Rxf2 Qe1+ 32. Rf1 Qxe6 33. Qxe6 fxe6
34. Ra1 Ra8 35. Ra5 Kf6 36. g4 a6 37. Kf2 Ra7 38. Kg3 Kg7 39. h3 Kf6 40. h4
gxh4+ 41. Kxh4 Kg6 42. Kg3 Kf7 43. Kf4 Kf6 44. Kf3 Kf7 45. Kf4 Kf6 46. Kf3 Kg7
47. Kf4 Kg6 1/2-1/2

[Event "Challenge"]
[Site "http://www.queenalice.com/game.php?id=1297490"]
[Date "2014.7.27"]
[Round "-"]
[White "Rudolf"]
[Black "AAABBB"]
[Result "1-0"]
[WhiteElo "2556"]
[BlackElo "2361"]

1. e4 e5 2. Nf3 Nc6 3. Bb5 a6 4. Ba4 Nf6 5. O-O Be7 6. Re1 b5 7. Bb3 d6 8. c3
O-O 9. h3 Bb7 10. d4 Re8 11. Nbd2 Bf8 12. a3 Qd7 13. Bc2 h6 14. Nf1 g6 15. Ng3
Bg7 16. Bd2 d5 17. dxe5 Nxe5 18. Nxe5 Rxe5 19. f4 Rxe4 20. Nxe4 Nxe4 21. Be3 Qe6
22. a4 b4 23. Bxe4 dxe4 24. cxb4 Bxb2 25. Rb1 Bf6 26. Qc2 Bd8 27. b5 Bd5 28. Qc5
axb5 29. axb5 Bc4 30. Rec1 Bd5 31. Ra1 Rb8 32. f5 gxf5 33. Rd1 1-0

[Event "Challenge"]
[Site "http://www.queenalice.com/game.php?id=1382332"]
[Date "2015.9.10"]
[Round "-"]
[White "babydaddytoo"]
[Black "Rudolf"]
[Result "0-1"]
[WhiteElo "2452"]
[BlackElo "2556"]

1. e4 e6 2. d4 d5 3. exd5 exd5 4. Nf3 Nf6 5. Be2 Bd6 6. O-O O-O 7. c3 Bf5 8. Bg5
Nbd7 9. Bd3 Be4 10. Bxe4 dxe4 11. Nfd2 h6 12. Bxf6 Nxf6 13. Qe2 Re8 14. Nc4 Nd5
15. Nbd2 Nf4 16. Qg4 h5 17. Qd1 b5 18. Nxd6 Qxd6 19. g3 Qg6 20. a4 b4 21. cxb4
Rad8 22. Nb3 e3 23. fxe3 Nh3+ 24. Kg2 Ng5 25. Qd2 Qe4+ 26. Kf2 Qf3+ 27. Ke1
Rxe3+ 28. Qxe3 Qxe3+ 29. Kd1 Qxb3+ 30. Kc1 Rxd4 31. Ra3 Qc4+ 0-1

[Event "Challenge"]
[Site "http://www.queenalice.com/game.php?id=1612060"]
[Date "2020.5.13"]
[Round "-"]
[White "Toits"]
[Black "Rudolf"]
[Result "1/2-1/2"]
[WhiteElo "2497"]
[BlackElo "2562"]

1. d4 Nf6 2. c4 g6 3. Nc3 Bg7 4. e4 d6 5. f3 O-O 6. Bg5 Re8 7. Qd2 Nfd7 8. h4
Nc6 9. d5 Nce5 10. h5 c6 11. Bh6 Bh8 12. Be2 Nf6 13. hxg6 fxg6 14. O-O-O cxd5
15. cxd5 Bd7 16. Kb1 b5 17. Rc1 Rc8 18. Nxb5 Nh5 19. Rxc8 Qxc8 20. Nh3 Ng3 21.
Rc1 Qb7 22. Nd4 Nxe2 23. Qxe2 Ng4 24. fxg4 Bxd4 25. Qd2 Bh8 26. Be3 Rb8 27. Bd4
Bxd4 28. Qxd4 Bxg4 29. Nf2 Bd7 30. Nd1 Rf8 31. a3 Rf4 32. Ka2 a5 33. b3 e6 34.
Nc3 Rf8 35. Rc2 Rb8 36. Qc4 e5 37. Rb2 Rc8 38. Qd3 Kg7 1/2-1/2

[Event "Let's Play Chess!"]
[Site "http://www.queenalice.com/game.php?id=1758685"]
[Date "2021.5.6"]
[Round "-"]
[White "charles31"]
[Black "Rudolf"]
[Result "0-1"]
[WhiteElo "1763"]
[BlackElo "2561"]

1. e4 c5 2. d4 cxd4 3. Qxd4 Nc6 4. Qd1 Nf6 5. Nc3 d6 6. Bb5 e6 7. Bg5 h6 8. Bh4
Be7 9. f3 a6 10. Ba4 Qb6 11. Bb3 Nxe4 12. Bxe7 Qf2# 0-1

[Event "Let's Play Chess!"]
[Site "http://www.queenalice.com/game.php?id=1758788"]
[Date "2021.5.6"]
[Round "-"]
[White "ulisses34"]
[Black "Rudolf"]
[Result "0-1"]
[WhiteElo "1770"]
[BlackElo "2562"]

1. e4 c5 2. d3 e6 3. Be2 d5 4. e5 Ne7 5. Nf3 Ng6 6. c3 d4 7. cxd4 cxd4 8. Qa4+
Nc6 9. Nbd2 a6 10. a3 Be7 11. O-O b5 12. Qc2 Bb7 13. Nb3 Rc8 14. Bd2 O-O 15.
Rac1 Ncxe5 16. Qd1 Rxc1 17. Bxc1 Nc6 18. Bd2 Qd5 19. Na5 Nxa5 20. Bxa5 e5 21.
Bd2 f5 22. Ne1 Qa2 23. Bc1 Bf6 24. b3 Bd5 25. b4 Rc8 26. Qd2 Rxc1 27. Qxc1 Qxe2
28. Qc8+ Kf7 29. Qd7+ Ne7 30. Qa7 e4 31. dxe4 Bc4 0-1

[Event "Let's Play Chess!"]
[Site "http://www.queenalice.com/game.php?id=1758955"]
[Date "2021.5.9"]
[Round "-"]
[White "Capixaba789"]
[Black "Rudolf"]
[Result "0-1"]
[WhiteElo "1855"]
[BlackElo "2563"]

1. f4 e5 2. d3 exf4 3. Bxf4 Nc6 4. Nf3 d5 5. e3 Nf6 6. Nc3 Bd6 7. Bxd6 Qxd6 8.
Qe2 O-O 9. O-O-O Re8 10. Qf2 Ng4 11. Qh4 Nxe3 12. Re1 Bf5 13. g4 Bg6 14. Bh3 d4
15. Nb5 Qc5 0-1

[Event "Let's Play Chess!"]
[Site "http://www.queenalice.com/game.php?id=1760744"]
[Date "2021.5.29"]
[Round "-"]
[White "Rudolf"]
[Black "igorjava"]
[Result "1-0"]
[WhiteElo "2550"]
[BlackElo "2057"]

1. d4 d5 2. c4 e6 3. e3 Nf6 4. Nf3 b6 5. b3 Ba6 6. Bb2 Ne4 7. Bd3 Bb4+ 8. Nbd2
O-O 9. a3 Nxd2 10. axb4 dxc4 11. bxc4 Nxc4 12. Qc2 b5 13. Bxh7+ 1-0

[Event "Let's Play Chess!"]
[Site "http://www.queenalice.com/game.php?id=1760745"]
[Date "2021.5.29"]
[Round "-"]
[White "igorjava"]
[Black "Rudolf"]
[Result "0-1"]
[WhiteElo "2055"]
[BlackElo "2551"]

1. e4 c5 2. Nf3 e6 3. e5 Nc6 4. c3 d5 5. d4 Qb6 6. b3 a5 7. Be3 cxd4 8. Bxd4
Nxd4 9. Nxd4 Bd7 10. Be2 f6 11. Bd3 g6 12. exf6 Nxf6 0-1

[Event "Let's Play Chess!"]
[Site "http://www.queenalice.com/game.php?id=1761754"]
[Date "2021.6.9"]
[Round "-"]
[White "Rudolf"]
[Black "bobifixer"]
[Result "1-0"]
[WhiteElo "2553"]
[BlackElo "2036"]

1. d4 Nf6 2. c4 e6 3. Nc3 Bb4 4. e3 d5 5. Qa4+ Nc6 6. Ne2 O-O 7. a3 Bxc3+ 8.
Nxc3 Bd7 9. Qd1 a6 10. Bd3 Ne7 11. O-O 1-0

[Event "Let's Play Chess!"]
[Site "http://www.queenalice.com/game.php?id=1761755"]
[Date "2021.6.9"]
[Round "-"]
[White "bobifixer"]
[Black "Rudolf"]
[Result "0-1"]
[WhiteElo "2038"]
[BlackElo "2552"]

1. d4 e6 2. Nf3 f5 3. c4 Nf6 4. g3 d5 5. Bg2 c6 6. cxd5 cxd5 7. O-O Bd7 8. Nc3
Bd6 9. a3 Nc6 10. b4 Ne4 11. Nxe4 fxe4 0-1

[Event "Let's Play Chess!"]
[Site "http://www.queenalice.com/game.php?id=1762674"]
[Date "2021.6.22"]
[Round "-"]
[White "Rudolf"]
[Black "pickles"]
[Result "0-1"]
[WhiteElo "2555"]
[BlackElo "2533"]

1. d4 d5 2. c4 c6 3. Nf3 Nf6 4. Nc3 dxc4 5. a4 Bf5 6. Ne5 Nbd7 7. Nxc4 Nb6 8.
Ne5 a5 9. h4 h6 10. e4 Nxe4 11. g4 Bh7 12. g5 Nxc3 13. bxc3 Qd5 14. f3 e6 15. g6
Bxg6 16. Nxg6 fxg6 17. Rb1 Nxa4 18. c4 Qh5 19. Rxb7 Bb4+ 20. Kf2 Nc3 21. Qe1 O-O
0-1

[Event "Let's Play Chess!"]
[Site "http://www.queenalice.com/game.php?id=1762675"]
[Date "2021.6.22"]
[Round "-"]
[White "ulisses34"]
[Black "Rudolf"]
[Result "0-1"]
[WhiteElo "1769"]
[BlackElo "2554"]

1. e4 e6 2. d4 d5 3. e5 c5 4. Bb5+ Bd7 5. Bxd7+ Nxd7 6. Ne2 cxd4 7. Qxd4 Qc7 8.
Nec3 Bc5 9. Qf4 Qxe5+ 10. Qxe5 Nxe5 11. Nb5 Rc8 12. c3 a6 13. Nd4 Bxd4 14. Bf4
Nd3+ 15. Ke2 Nxf4+ 0-1

[Event "Let's Play Chess!"]
[Site "http://www.queenalice.com/game.php?id=1763010"]
[Date "2021.6.26"]
[Round "-"]
[White "Rudolf"]
[Black "Olavio"]
[Result "1-0"]
[WhiteElo "2547"]
[BlackElo "1865"]

1. d4 d5 2. c4 Nc6 3. cxd5 Qxd5 4. Nf3 Bf5 5. Nc3 Qd7 6. d5 Na5 7. g4 Bxg4 8.
Ne5 Qf5 9. Qa4+ Kd8 10. Nxg4 b6 11. Rg1 Nf6 12. e4 Qg6 13. Nxf6 Qxf6 14. Bh3 e6
15. Bg5 Be7 16. dxe6 Qe5 17. Qd7# 1-0

[Event "Let's Play Chess!"]
[Site "http://www.queenalice.com/game.php?id=1763011"]
[Date "2021.6.26"]
[Round "-"]
[White "Olavio"]
[Black "Rudolf"]
[Result "0-1"]
[WhiteElo "1869"]
[BlackElo "2548"]

1. d4 Nf6 2. Nc3 d5 3. Nf3 g6 4. Bd2 Bg7 5. e3 Nc6 6. a3 O-O 7. Bd3 Bg4 8. O-O
e5 9. h3 Bxf3 10. gxf3 exd4 11. exd4 Nxd4 12. f4 c5 13. Nb5 Nxb5 14. Bxb5 c4 15.
c3 Qb6 16. Ba4 Qxb2 17. Qe2 Ne4 18. Rfd1 Nxc3 19. Qe1 Nxa4 20. Be3 Nc3 21. Rd2
Qxa1 22. Qxa1 Ne2+ 23. Rxe2 Bxa1 24. Rd2 Rfd8 25. Bd4 Bxd4 26. Rxd4 c3 0-1